| 000 | 00727nam a2200253Ia 4500 | ||
|---|---|---|---|
| 003 | OSt | ||
| 005 | 20220926013422.0 | ||
| 006 | a|||||r|||| 00| 0 | ||
| 007 | ta | ||
| 008 | 220923b |||||||| |||| 00| 0 eng d | ||
| 020 |
_a0618230033 _c4029.5999999999999 |
||
| 037 |
_b168, 21/02/2005, Zenith _cGeneral Book |
||
| 040 |
_aRTL _cRTL _beng |
||
| 041 |
_2eng _aeng |
||
| 082 | _aX:72, P4 | ||
| 100 | _aTaylor John B | ||
| 245 | 0 | _aPrinciple of macroeconomics. | |
| 250 | _aEd4th | ||
| 260 |
_aNew York _bHoughton Miffin _c2004 |
||
| 300 |
_axxxii, 436p _ccm. |
||
| 650 |
_aMacroeconomics _9186166 |
||
| 942 |
_hX:72, P4 _cGB _2CC |
||
| 999 |
_c625893 _d625893 |
||